Grand Theft Auto Games 1997-2013 - Statistics

General Stats
  • This quiz has been taken 371 times
  • The average score is 11 of 15
Answer Stats
Hint Answer % Correct
2004 San Andreas
95%
2002 Vice City
95%
1997 1
88%
1999 2
88%
2001 3
88%
2008 4
88%
2013 5
88%
2005 Liberty City Stories
77%
2006 Vice City Stories
74%
2009 Chinatown Wars
64%
2004 Advance
49%
1999 London, 1969
48%
2009 The Ballad of Gay Tony
47%
2009 The Lost and Damned
42%
1999 London, 1961
39%
No matching quizzes found
Score Distribution
Percent of People with Each Score
Percentile by Number Answered
Your Score History
You have not taken this quiz